Creative and knowledge society international scientific journal

Na minha lista:
Detalhes bibliográficos
Formato: Periódico
Idioma:eslovaco
Publicado em: Bratislava Paneurópska vysoká škola 2016
Tags: Adicionar Tag
Sem tags, seja o primeiro a adicionar uma tag!

MARC

LEADER 00000nas2a2200000 4500
001 0241789
005 20180406103218.2
022 |a 1338-5283 
041 0 |a slo 
044 |a SK 
245 1 0 |a Creative and knowledge society  |b international scientific journal 
264 1 |a Bratislava  |b Paneurópska vysoká škola  |c 2016 
773 0 |w eu_un_cat*0150203